Propuesta de Campaña Publicitaria Para Introduccion del Programa PorQue Lo Quiero... Morelos Limpio / Manuel Benitez Leana (Registro nro. 19849)
[ vista simple ]
| 000 -LÍDER | |
|---|---|
| fixed length control field | 00643nam a2200133 4500 |
| 008 - ELEMENTOS DE LONGITUD FIJA -- INFORMACIÓN GENERAL | |
| fixed length control field | 02006 2006 0a 000 0MEX |
| 050 ## - SIGNATURA TOPOGRAFICA DE LA BIBLIOTECA DEL CONGRESO (LC) | |
| Número de Clasificación | HD30.4 MR5 B4 2006 |
| 082 ## - NUMERO DE CLASIFICACION DECIMAL DEWEY | |
| Número de Clasificación | 658.455 B4p |
| 100 ## - ASIENTO PRINCIPAL--NOMBRE PERSONAL | |
| Nombre personal | Benitez Leana, Manuel |
| 245 ## - TÍTULO | |
| Título | Propuesta de Campaña Publicitaria Para Introduccion del Programa PorQue Lo Quiero... Morelos Limpio / Manuel Benitez Leana |
| 300 ## - DESCRIPCIÓN FÍSICA | |
| Extensión | 72 p. / 28 cm |
| 502 ## - NOTA DE TESIS | |
| Nota de tesis | Propuesta de Campaña Publicitaria Para Introduccion del Programa PorQue Lo Quiero... Morelos Limpio I.T.Z. (Lic. Administracion) L.A.E.T. Alma Rosa Susana Huicochea Alonso |
| 650 ## - ASIENTO SECUNDARIO DE MATERIA - TERMINO TEMÁTICO | |
| Término temático o nombre geográfico como elemento de entrada | 1. CAMPAÑAS PUBLICITARIAS. 2. SECRETARIA DE TURISMO |
| No. biblioteca | No. biblioteca | Número de clasificación | Código de barras/Número de adquisición | Número de copia | Tipo de material |
|---|---|---|---|---|---|
| LUIS G. INCLAN | LUIS G. INCLAN | 658.455 B4p | LA296-2006 | 1 | Libros |
